000 00586nam a2200193Ia 4500
005 20250923144827.0
008 008 250917s9999 xx 000 0 eng d
037 _aTextual
040 _aDSWL
_beng
_cDSWL
041 _aeng
_2eng
084 _aY5 927.2rN59, N61
_qDSWL
245 0 _aReport of the commissioner for scheduled caste and scheduled tribe for the year 1960-1961
260 _aDelhi
_bManagerof Publication
_c1961
300 _av,392p.
365 _aINR
_b1.50
925 _g1.50
942 _cTEXL
_hY5 927.2rN59, N61
999 _c1443842
_d1443842